| 000 | 00477cam a2200193ua 4500 | ||
|---|---|---|---|
| 001 | 8634 | ||
| 008 | 150210n ii |||gr||||Z||||||eng | ||
| 020 | _a8125010785 | ||
| 040 | _cMAIN | ||
| 041 | _aeng | ||
| 082 | _a800.0904 | ||
| 100 |
_aFokkema, D., _eAuthor. |
||
| 245 | 1 |
_aTheories of literature in the twentieth century _cBy Douwe Fokkema |
|
| 250 | _a1st. | ||
| 260 |
_aNew Delhi: _bOrient, _c1997. |
||
| 300 | _a218p. | ||
| 653 | _aLiterature & rhetoric | ||
| 942 | _cBK | ||
| 999 |
_c7732 _d7732 |
||